All County Seats of Minnesota on a Map - Statistics

General Stats
  • This quiz has been taken 447 times
  • The average score is 47 of 87
Answers on the Map
Answers color-coded by a green-red scale on the quiz's map according to % correct below.
 
Answer Stats
County Population Seat % Correct
Ramsey 311,527 St. Paul
97%
Hennepin 429,954 Minneapolis
96%
St. Louis 86,697 Duluth
95%
Olmsted 121,395 Rochester
92%
Stearns 68,881 St. Cloud
90%
______ 25,948 Winona
82%
Koochiching 5,802 International Falls
80%
Blue Earth 44,488 Mankato
80%
Beltrami 14,574 Bemidji
77%
Clay 44,505 Moorhead
77%
Mower 26,174 Austin
75%
Crow Wing 14,395 Brainerd
74%
Goodhue 16,547 Red Wing
73%
Freeborn 18,492 Albert Lea
71%
Washington 19,394 Stillwater
71%
______ 17,921 Anoka
70%
Cook 1,337 Grand Marais
70%
______ 2,744 Roseau
69%
Lake 3,633 Two Harbors
69%
Rice 24,453 Faribault
68%
Otter Tail 14,119 Fergus Falls
68%
Douglas 14,335 Alexandria
67%
Steele 26,420 Owatonna
67%
Scott 43,698 Shakopee
67%
Dakota 22,154 Hastings
65%
Pennington 8,749 Thief River Falls
65%
______ 2,559 Wabasha
64%
Nobles 13,947 Worthington
62%
Polk 7,482 Crookston
61%
Itasca 11,126 Grand Rapids
61%
Brown 14,120 New Ulm
61%
______ 4,215 Pipestone
61%
Faribault 3,174 Blue Earth
60%
Kandiyohi 21,015 Willmar
60%
______ 948 Carlton
59%
Becker 9,869 Detroit Lakes
59%
Lyon 13,628 Marshall
59%
Nicollet 12,066 St. Peter
59%
Lake of the Woods 966 Baudette
58%
______ 2,168 Aitkin
57%
Carver 27,810 Chaska
57%
Sherburne 25,835 Elk River
57%
Rock 4,946 Luverne
57%
______ 4,325 Wadena
56%
______ 9,229 Waseca
56%
______ 3,323 Jackson
55%
Pine 3,130 Pine City
52%
Martin 10,487 Fairmont
50%
Morrison 9,140 Little Falls
48%
Chippewa 5,398 Montevideo
48%
Red Lake 1,339 Red Lake Falls
48%
Wright 16,168 Buffalo
46%
Isanti 9,611 Cambridge
46%
Mille Lacs 3,021 Milaca
46%
Stevens 5,105 Morris
46%
Redwood 5,102 Redwood Falls
46%
______ 1,240 Mahnomen
45%
Wilkin 3,430 Breckenridge
43%
Kanabec 3,665 Mora
42%
Norman 1,740 Ada
41%
Houston 2,847 Caledonia
41%
Yellow Medicine 2,737 Granite Falls
40%
Chisago 629 Center City
39%
Big Stone 2,021 Ortonville
39%
Hubbard 4,142 Park Rapids
39%
Watonwan 4,793 St. James
39%
Cass 966 Walker
38%
Kittson 906 Hallock
37%
Clearwater 1,285 Bagley
36%
Le Sueur 2,517 Le Center
36%
Benton 2,711 Foley
35%
McLeod 5,744 Glencoe
35%
Meeker 6,624 Litchfield
35%
Fillmore 1,322 Preston
35%
Swift 3,480 Benson
34%
Lac qui Parle 1,518 Madison
34%
Dodge 1,111 Mantorville
33%
Marshall 1,605 Warren
33%
Pope 2,657 Glenwood
32%
Todd 3,661 Long Prairie
31%
Cottonwood 4,798 Windom
31%
Grant 1,276 Elbow Lake
30%
Sibley 2,273 Gaylord
29%
Renville 2,343 Olivia
29%
Murray 2,013 Slayton
29%
Lincoln 560 Ivanhoe
28%
Traverse 1,460 Wheaton
28%
No matching quizzes found
Score Distribution
Percent of People with Each Score
Percentile by Number Answered
Your Score History
You have not taken this quiz